000 00342nam a2200133Ia 4500
008 240624s9999 xx 000 0 und d
041 _aeng
082 _a658.4012 GRA
100 _aGRANT ROBERT M
245 _aCONTEMPORARY STRATEGY ANALYSIS
250 _a(7th ed.)
260 _c2014
_aNew Delhi
_bWiley
300 _axv, : 499 : p. : cm. ; 23
999 _c24108
_d24108